000 00336nam a2200145Ia 4500
008 230718s9999 xx 000 0 und d
041 _aEng.
082 _a297.1227
_bALI-T
100 _aAli, Abdullah Yousuf
245 4 _aThe Holy Quran
260 _aPakistan
_bSh. Muh. Ashraf
_c2012
300 _a519
650 _aLaw
999 _c31131
_d31131